[Event "Winter/Hiver op"]
[Site "Montreal CAN"]
[Date "1980.01.26"]
[Round "2"]
[White "Billard, Michel"]
[Black "Lacroix, Serge"]
[Result "0-1"]
[WhiteElo "1876"]
[BlackElo "1747"]
[PlyCount "72"]
[EventDate "1980.01.25"]
[EventType "swiss"]
[EventRounds "5"]
[EventCountry "CAN"]

1. e4 c5 2. Nf3 Nc6 3. Nc3 e6 4. d4 cxd4 5. Nxd4 a6 6. a3 Nge7 7. Nb3 d5 8. Be3
dxe4 9. Qxd8+ Nxd8 10. Nxe4 Nd5 11. Bd2 Bd7 12. c4 Nf6 13. Nxf6+ gxf6 14. Bc3
Be7 15. Nd2 Rg8 16. Ne4 e5 17. Ng3 Ne6 18. Bd3 Bc6 19. Bxh7 Rg7 20. Be4 Rc8 21.
Bxc6+ Rxc6 22. Nf5 Rxg2 23. Ng3 Rxc4 24. Kf1 Nf4 25. h4 Bc5 26. Be1 Rc2 27. Nh5
Rgxf2+ 28. Bxf2 Rxf2+ 29. Ke1 Nd3+ 30. Kd1 Nxb2+ 31. Kc1 Be3+ 32. Kb1 Na4 33.
Nxf6+ Kf8 34. Nd7+ Ke7 35. Ra2 Nc3+ 36. Ka1 Rxa2# 0-1

[Event "Winter/Hiver op"]
[Site "Montreal CAN"]
[Date "1980.01.26"]
[Round "2"]
[White "Roos, Celine"]
[Black "Lacroix, Serge"]
[Result "0-1"]
[WhiteElo "1771"]
[BlackElo "1747"]
[PlyCount "54"]
[EventDate "1980.01.25"]
[EventType "swiss"]
[EventRounds "5"]
[EventCountry "CAN"]

1. c4 Nf6 2. Nc3 e5 3. g3 Bc5 4. Nf3 d6 5. d4 exd4 6. Nxd4 c6 7. Bg2 O-O 8. O-O
Nbd7 9. a3 Ne5 10. b3 Re8 11. h3 a5 12. Bb2 a4 13. Nxa4 Rxa4 14. bxa4 Nxc4 15.
Qc2 d5 16. Rfd1 Ne4 17. e3 Qg5 18. Nf3 Qh6 19. g4 Nxe3 20. fxe3 Bxe3+ 21. Kh1
Nf2+ 22. Kg1 Nxd1+ 23. Kf1 Nxb2 24. Qxb2 Qf4 25. Qc2 h5 26. gxh5 Bxh3 27. Re1
Qxf3+ 0-1

[Event "Winter/Hiver op"]
[Site "Montreal CAN"]
[Date "1980.01.27"]
[Round "4"]
[White "Lacroix, Serge"]
[Black "Leimanis, Eriks"]
[Result "1-0"]
[WhiteElo "1747"]
[BlackElo "1877"]
[PlyCount "87"]
[EventDate "1980.01.25"]
[EventType "swiss"]
[EventRounds "5"]
[EventCountry "CAN"]

1. d4 Nf6 2. Nc3 d5 3. Bg5 e6 4. e4 dxe4 5. Nxe4 Be7 6. Nxf6+ Bxf6 7. Bxf6 Qxf6
8. Nf3 O-O 9. Bd3 Nd7 10. O-O e5 11. Re1 exd4 12. Nxd4 Ne5 13. Bxh7+ Kh8 14.
Qh5 Ng4 15. Bd3+ Nh6 16. Qe5 Qxe5 17. Rxe5 c6 18. Rae1 Bd7 19. Kf1 Rad8 20. Nf3
Kg8 21. h3 Rfe8 22. g4 Rxe5 23. Rxe5 Kf8 24. Kg2 Be6 25. Kg3 a6 26. b3 Bd5 27.
Ng5 g6 28. f4 f6 29. Nh7+ Kf7 30. Nxf6 Kxf6 31. g5+ Kg7 32. gxh6+ Kxh6 33. Re7
c5 34. Re5 b5 35. f5 gxf5 36. Rxf5 c4 37. Be2 cxb3 38. axb3 Rg8+ 39. Kf4 Bg2
40. h4 Re8 41. Bd3 Bh3 42. Rf6+ Kh5 43. Bg6+ Kh6 44. Bxe8+ 1-0

[Event "Winter/Hiver op"]
[Site "Montreal CAN"]
[Date "1980.01.27"]
[Round "5"]
[White "Lacroix, Serge"]
[Black "Spraggett, Kevin"]
[Result "0-1"]
[WhiteElo "1747"]
[BlackElo "2389"]
[PlyCount "78"]
[EventDate "1980.01.25"]
[EventType "swiss"]
[EventRounds "5"]
[EventCountry "CAN"]

1. d4 g6 2. c4 Bg7 3. Nc3 c5 4. Nf3 cxd4 5. Nxd4 Nc6 6. Nxc6 bxc6 7. e4 Rb8 8.
Qc2 c5 9. Bd3 d6 10. O-O Nf6 11. Re1 O-O 12. f3 Nd7 13. f4 Re8 14. Rb1 Nf8 15.
a3 Ne6 16. Ne2 a5 17. Bd2 Bd7 18. Bc3 Nd4 19. Bxd4 cxd4 20. b4 axb4 21. axb4 e5
22. c5 dxc5 23. bxc5 Qc7 24. g3 Bf8 25. Rbc1 Bc6 26. Bc4 Qb7 27. Bd3 Rbc8 28.
Kf1 Qd7 29. fxe5 Rxe5 30. Nf4 Rce8 31. Re2 Bxc5 32. Qb1 Bf8 33. Kf2 Bh6 34.
Rxc6 Qxc6 35. Nd5 Rxd5 36. exd5 Be3+ 37. Kf3 Qxd5+ 38. Be4 Qh5+ 39. g4 Qh3# 0-1

[Event "Mikhail Tal"]
[Site "Montreal CAN"]
[Date "1979.10.06"]
[Round "2"]
[White "Lacroix, Serge"]
[Black "Roos, Celine"]
[Result "0-1"]
[WhiteElo "1777"]
[BlackElo "1659"]
[PlyCount "126"]
[EventDate "1979.10.06"]
[EventType "swiss"]
[EventRounds "6"]
[EventCountry "CAN"]

1. d4 Nf6 2. c4 e6 3. Nc3 Bb4 4. e3 O-O 5. Nge2 d5 6. a3 Be7 7. Ng3 dxc4 8.
Bxc4 c5 9. O-O a6 10. dxc5 Bxc5 11. b4 Be7 12. Qe2 b5 13. Bb3 Bb7 14. Rd1 Nbd7
15. Bb2 Rc8 16. e4 Qc7 17. Rac1 Qb8 18. Nh5 Rfd8 19. g3 Qa8 20. Nxf6+ Bxf6 21.
f3 Ne5 22. Rxd8+ Rxd8 23. Rd1 h6 24. Kf2 Nc6 25. Ba2 Nd4 26. Qe1 Nc2 27. Rxd8+
Qxd8 28. Qd1 Qb6+ 29. Ke2 Qe3+ 30. Kf1 Bxc3 31. Bc1 Qe1+ 32. Qxe1 Nxe1 33. Ke2
Kf8 34. Bb1 f5 35. Be3 fxe4 36. fxe4 e5 37. Bf2 Ng2 38. Kf1 Nf4 39. gxf4 exf4
40. Kg2 Bb2 41. h4 Bxa3 42. Bc5+ Kf7 43. Kf3 g5 44. hxg5 hxg5 45. Kg4 Kf6 46.
Bd4+ Kg6 47. Bc3 Bc8+ 48. Kf3 Bc1 49. Bd4 g4+ 50. Kf2 Be6 51. Bc2 Kg5 52. e5
g3+ 53. Ke2 Bg4+ 54. Kf1 f3 55. Bb3 Bd2 56. e6 Bh3+ 57. Kg1 Bxb4 58. Bd5 Kf4
59. Bb7 Bxe6 60. Bb6 Be1 61. Kf1 f2 62. Bc7+ Kg4 63. Bxg3 Bc4+ 0-1

[Event "Winter/Hiver op"]
[Site "Montreal CAN"]
[Date "1979.02.03"]
[Round "2"]
[White "Lemyre, Pierre"]
[Black "Lacroix, Serge"]
[Result "1-0"]
[WhiteElo "2121"]
[BlackElo "1740"]
[PlyCount "91"]
[EventDate "1979.02.02"]
[EventType "swiss"]
[EventRounds "5"]
[EventCountry "CAN"]

1. e4 e6 2. d4 d5 3. exd5 exd5 4. Bd3 Nc6 5. Nf3 Nb4 6. Be2 Bf5 7. Na3 Nf6 8.
O-O Bd6 9. Bg5 Qd7 10. Re1 Ne4 11. c3 Nc6 12. Nc2 f6 13. Bh4 O-O-O 14. Ne3 Be6
15. Nd2 Nxd2 16. Qxd2 h5 17. b4 Bf4 18. Bb5 Qd6 19. Bxc6 Qxc6 20. Qd3 Qd6 21.
Bg3 Bxg3 22. fxg3 h4 23. g4 Qf4 24. Rf1 Qg5 25. h3 Rd6 26. a4 Bd7 27. b5 Re8
28. Rae1 Rde6 29. Nc2 c6 30. Rxe6 Rxe6 31. c4 dxc4 32. Qxc4 Qd5 33. Qxd5 cxd5
34. Rf3 Kc7 35. Kf2 Kb6 36. Rc3 a6 37. bxa6 bxa6 38. Nb4 Rd6 39. Rc5 Bxa4 40.
Nxd5+ Kb7 41. Ke3 Bc6 42. Ke4 Bxd5+ 43. Rxd5 Rxd5 44. Kxd5 Kc7 45. Ke6 a5 46.
Ke7 1-0

[Event "Printanier"]
[Site "Montreal CAN"]
[Date "1978.04.22"]
[Round "1"]
[White "Lacroix, Serge"]
[Black "Morin, Louis"]
[Result "1-0"]
[WhiteElo "1758"]
[BlackElo "1416"]
[PlyCount "95"]
[EventDate "1978.04.22"]
[EventType "swiss"]
[EventRounds "5"]
[EventCountry "CAN"]

1. e4 e5 2. Nc3 d6 3. d3 Nf6 4. f4 exf4 5. Nf3 Be7 6. Bxf4 Be6 7. Be2 O-O 8.
Ng5 Qd7 9. Nxe6 Qxe6 10. Nb5 Qd7 11. Nd4 Nc6 12. Nf5 Rfe8 13. Qd2 Bf8 14. O-O-O
Re6 15. g4 Rae8 16. g5 Rxe4 17. dxe4 Nxe4 18. Qd5 Nb4 19. Qa5 Nc6 20. Bg4 Nxa5
21. Nh6+ gxh6 22. Bxd7 Re7 23. Rde1 hxg5 24. Bf5 gxf4 25. Bxe4 c6 26. Rhg1+ Kh8
27. Bd3 Rxe1+ 28. Rxe1 c5 29. Re8 Kg7 30. Bxh7 Kxh7 31. Rxf8 Kg7 32. Rb8 Kg6
33. b3 Kg5 34. Kd2 Kg4 35. Ke2 Nc6 36. Rg8+ Kh3 37. Kf3 Kxh2 38. c3 d5 39. Kxf4
a5 40. Rg7 c4 41. Rxf7 cxb3 42. axb3 b5 43. Rc7 Nb8 44. Rc5 b4 45. cxb4 Na6 46.
Rc2+ Kg1 47. bxa5 Nb4 48. Rc5 1-0

[Event "Tournoi de l'Est"]
[Site "Montreal CAN"]
[Date "1978.06.10"]
[Round "?"]
[White "Lacroix, Serge"]
[Black "Poulin, Maurice"]
[Result "1-0"]
[WhiteElo "1730"]
[BlackElo "1965"]
[PlyCount "57"]
[EventDate "1978.??.??"]
[EventRounds "5"]
[EventCountry "CAN"]

1. b3 e5 2. Bb2 Nc6 3. e3 a6 4. Nf3 e4 5. Nd4 Nf6 6. c4 Bc5 7. Nf5 O-O 8. d4
exd3 9. Bxd3 d5 10. Nxg7 Bb4+ 11. Kf1 dxc4 12. bxc4 Kxg7 13. Nc3 Ne5 14. Nd5
Nxd5 15. Bxe5+ f6 16. Bb2 Ne7 17. a3 Bd6 18. Qh5 Ng6 19. Rd1 Qe7 20. g4 Be5 21.
Bc1 Rd8 22. f4 Bxf4 23. exf4 Rxd3 24. Rxd3 Qe4 25. Qd5 Qxd5 26. Rxd5 Bxg4 27.
Rg1 Bh3+ 28. Kf2 Kh8 29. Rh5 1-0

[Event "Tournoi de l'Est"]
[Site "Montreal CAN"]
[Date "1978.??.??"]
[Round "?"]
[White "Poulin, Maurice"]
[Black "Lacroix, Serge"]
[Result "0-1"]
[WhiteElo "1968"]
[BlackElo "1730"]
[PlyCount "124"]
[EventDate "1978.??.??"]
[EventRounds "5"]
[EventCountry "CAN"]

1. e4 e5 2. Nf3 Nc6 3. Bb5 Nf6 4. O-O Be7 5. Nc3 d6 6. d4 exd4 7. Nxd4 Bd7 8.
Re1 O-O 9. Bf1 Nxd4 10. Qxd4 Re8 11. h3 Bc6 12. b3 d5 13. e5 Ne4 14. Nxe4 dxe4
15. Bb2 Qxd4 16. Bxd4 Rad8 17. Rad1 b6 18. Bc3 Bg5 19. g3 Rxd1 20. Rxd1 Rd8 21.
Rxd8+ Bxd8 22. Bg2 f5 23. exf6 Bxf6 24. Bxf6 gxf6 25. Kf1 Kf7 26. Ke2 Ke6 27.
Ke3 Ke5 28. c3 a5 29. Bxe4 Bd7 30. f4+ Kd6 31. h4 f5 32. Bf3 c5 33. a3 Be6 34.
b4 axb4 35. axb4 Bd7 36. h5 h6 37. Kf2 Be6 38. Kg2 cxb4 39. cxb4 Ke7 40. Kf2
Kd6 41. Ke3 Bd5 42. g4 fxg4 43. Bxg4 Bf7 44. Kd4 Be8 45. Be2 Bf7 46. f5 Be8 47.
Bg4 Bd7 48. Ke4 Bc6+ 49. Kf4 Be8 50. f6 Kd5 51. Kf5 Bf7 52. Bd1 Kd4 53. Bf3 Ke3
54. Bd5 Bxd5 55. Kg6 Kf4 56. Kxh6 Bf7 57. b5 Kf5 58. Kg7 Bxh5 59. f7 Bxf7 60.
Kxf7 Ke5 61. Ke7 Kd5 62. Kd7 Kc5 0-1

[Event "Trois-Rivieres op"]
[Site "Trois-Rivieres CAN"]
[Date "1976.03.12"]
[Round "1"]
[White "Lacroix, Serge"]
[Black "Picard, Bernard"]
[Result "1-0"]
[WhiteElo "1593"]
[BlackElo "1416"]
[PlyCount "121"]
[EventDate "1976.03.13"]
[EventType "swiss"]
[EventRounds "5"]
[EventCountry "CAN"]

1. b3 d5 2. Bb2 c5 3. Nf3 Nc6 4. e3 e6 5. Bb5 Nf6 6. O-O Bd6 7. d4 cxd4 8. exd4
O-O 9. c4 a6 10. Bxc6 bxc6 11. c5 Bc7 12. Re1 Ne4 13. Na3 Ba5 14. Re3 Bc7 15.
Nc2 Bf4 16. Re1 a5 17. g3 Bc7 18. Ne3 f6 19. Nd2 Nxd2 20. Qxd2 e5 21. Ng2 e4
22. Qe2 f5 23. Bc1 Qf6 24. h4 Qxd4 25. Bb2 Qxc5 26. Rac1 Qd6 27. Qc2 Bd7 28.
Nf4 d4 29. Qc4+ Kh8 30. Bxd4 Qb4 31. Nh5 Qxc4 32. Bxg7+ Kg8 33. Rxc4 Rf7 34.
Bc3 Bd8 35. Rd1 Be8 36. Nf4 Bf6 37. Be1 Rd7 38. Rdc1 Rd6 39. Rc5 a4 40. Rxf5
axb3 41. axb3 Bf7 42. Bc3 Bxc3 43. Rxc3 Ra1+ 44. Kg2 Rdd1 45. Rxc6 Rg1+ 46. Kh3
Rh1+ 47. Kg4 Ra8 48. Nh5 Bxh5+ 49. Rxh5 Rb8 50. Re5 Rf1 51. Rc2 Rxb3 52. Rxe4
Rb7 53. Rc8+ Kf7 54. Ree8 Rb6 55. Rf8+ Kg7 56. Rg8+ Kh6 57. f4 Rd1 58. Rc7 Rd3
59. Rgg7 Rg6+ 60. Rxg6+ hxg6 61. Rc5 1-0

[Event "Trois-Rivieres op"]
[Site "Trois-Rivieres CAN"]
[Date "1976.03.14"]
[Round "4"]
[White "Lacroix, Serge"]
[Black "Letourneau, Yves"]
[Result "1-0"]
[WhiteElo "1593"]
[BlackElo "1514"]
[PlyCount "77"]
[EventDate "1976.03.13"]
[EventType "swiss"]
[EventRounds "5"]
[EventCountry "CAN"]

1. b3 e5 2. Bb2 Nc6 3. g3 g6 4. e4 Bc5 5. Nf3 d6 6. Bg2 f5 7. d3 Nh6 8. Qd2 Ng4
9. O-O h5 10. h3 fxe4 11. dxe4 Nf6 12. Qg5 Rg8 13. Nc3 Be6 14. Rad1 Nd4 15.
Nxe5 dxe5 16. Qxe5 Qe7 17. Rxd4 Bxd4 18. Qxd4 a6 19. Rd1 Rd8 20. Qxd8+ Qxd8 21.
Rxd8+ Kxd8 22. e5 Nd7 23. f4 b6 24. Kf2 g5 25. Ne4 gxf4 26. gxf4 Bf5 27. Ng5
Bxc2 28. e6 Nc5 29. Bf6+ Kc8 30. Bd5 c6 31. Bf3 Bf5 32. e7 Bg6 33. Bxc6 Kc7 34.
Bd5 Re8 35. Ne6+ Nxe6 36. Bxe6 Ra8 37. f5 Kd6 38. Ke3 a5 39. Kd4 1-0

[Event "Trois-Rivieres op"]
[Site "Trois-Rivieres CAN"]
[Date "1976.03.14"]
[Round "5"]
[White "Lacroix, Serge"]
[Black "Bevand, Larry"]
[Result "1-0"]
[WhiteElo "1593"]
[BlackElo "1716"]
[PlyCount "81"]
[EventDate "1976.03.13"]
[EventType "swiss"]
[EventRounds "5"]
[EventCountry "CAN"]

1. b3 e5 2. Bb2 Nc6 3. g3 Nf6 4. c4 d5 5. Bg2 d4 6. d3 Bf5 7. Nd2 Bc5 8. a3 a5
9. Qc2 Qe7 10. Ngf3 e4 11. dxe4 Nxe4 12. Nxe4 Bxe4 13. Qd2 Rd8 14. O-O O-O 15.
Rfd1 Rfe8 16. Qf4 Qd6 17. Qh4 Qg6 18. Rd2 Be7 19. Qf4 Bd6 20. Qg5 Qxg5 21. Nxg5
Bxg2 22. Kxg2 Bc5 23. Rad1 Rd6 24. Nh3 Rde6 25. Nf4 Re4 26. Re1 b6 27. Kf1 Ne7
28. Red1 Nc6 29. Nd5 Bd6 30. Re1 Ne7 31. Kg2 Nc6 32. f3 R4e6 33. Kf1 h6 34.
Bxd4 Nxd4 35. Rxd4 Bc5 36. Rd3 Rc8 37. b4 axb4 38. axb4 Bf8 39. Red1 c5 40. b5
Rd8 41. Nf6+ 1-0

[Event "Quebec-ch Amateur"]
[Site "Montreal CAN"]
[Date "1975.07.19"]
[Round "3"]
[White "Martin, Robert"]
[Black "Lacroix, Serge"]
[Result "1-0"]
[WhiteElo "1815"]
[BlackElo "1815"]
[PlyCount "55"]
[EventDate "1975.07.19"]
[EventType "swiss"]
[EventRounds "5"]
[EventCountry "CAN"]

1. d4 c5 2. d5 d6 3. e4 Nf6 4. Nc3 Nbd7 5. f4 Nb6 6. a4 g6 7. a5 Nbd7 8. Nf3 a6
9. Be2 h5 10. O-O Bg7 11. Qd3 O-O 12. e5 dxe5 13. fxe5 Ng4 14. e6 Nde5 15. Nxe5
Nxe5 16. exf7+ Kh7 17. Qd1 Nxf7 18. Bd3 Bg4 19. Bxg6+ Kh8 20. Qe1 Ne5 21. Be4
Qd7 22. Bf4 Nc4 23. Qc1 Rad8 24. Kh1 e5 25. dxe6 Qd4 26. Ra4 Bxe6 27. Bd3 Rxf4
28. Rxf4 1-0

[Event "Ottawa op"]
[Site "Ottawa CAN"]
[Date "1972.01.29"]
[Round "1.12"]
[White "Nguyen, Tuong"]
[Black "Lacroix, Serge"]
[Result "0-1"]
[WhiteElo "1420"]
[BlackElo "1819"]
[PlyCount "68"]
[EventDate "1972.01.29"]
[EventType "swiss"]
[EventRounds "5"]
[EventCountry "CAN"]

1. e4 d6 2. d4 g6 3. Nf3 Bg7 4. Be3 Nd7 5. Be2 b6 6. Nbd2 Bb7 7. Ng5 h6 8. Nh3
e5 9. c3 Ne7 10. f4 f5 11. Qc2 O-O 12. O-O-O Kh7 13. g4 fxe4 14. Nxe4 Nd5 15.
Bd2 Qh4 16. Nhf2 Nxf4 17. Bxf4 Rxf4 18. d5 Raf8 19. Rhf1 Rxf2 20. Nxf2 Rxf2 21.
Rd2 Rxf1+ 22. Bxf1 Qxg4 23. Kb1 Nc5 24. Rg2 Qe4 25. Qxe4 Nxe4 26. c4 Bc8 27.
Bd3 Bf5 28. Kc1 h5 29. Kc2 Bh6 30. Kb3 Nc5+ 31. Kc3 Bxd3 32. b4 Bf1 33. Rg1
Ne4+ 34. Kb3 Nd2+ 0-1

[Event "Ottawa op"]
[Site "Ottawa CAN"]
[Date "1972.01.29"]
[Round "3.6"]
[White "Lacroix, Serge"]
[Black "Rodgers, Ron"]
[Result "1-0"]
[WhiteElo "1819"]
[BlackElo "2037"]
[Annotator ",Microsoft"]
[PlyCount "76"]
[EventDate "1972.01.29"]
[EventType "swiss"]
[EventRounds "5"]
[EventCountry "CAN"]

1. e4 e5 2. Nc3 Nf6 3. f4 d5 4. exd5 e4 5. d4 Bb4 6. Bb5+ c6 7. dxc6 bxc6 8.
Bc4 Nd5 9. Qh5 O-O 10. Bxd5 cxd5 11. Nge2 Ba6 12. Bd2 e3 13. Bc1 Re8 14. a3 Qa5
15. axb4 Qxa1 16. Qxd5 Bxe2 17. Nxe2 Na6 18. c3 Rad8 19. Qg5 Nc7 20. f5 f6 21.
Qg4 Qb1 22. O-O Nd5 23. Ng3 Re7 24. Qe2 Qa2 25. Qb5 Qb3 26. Qe2 Qa2 27. b5 Rc8
28. Qf3 Qb3 29. Ne4 Rd8 30. Nc5 Qxb5 31. Ne6 Rc8 32. Nc5 Rd8 33. Re1 a5 34. Ne6
Rc8 35. g4 a4 36. h4 h6 37. g5 hxg5 38. hxg5 fxg5 {etc. White won in 53.} 1-0

[Event "Ottawa op"]
[Site "Ottawa CAN"]
[Date "1972.01.30"]
[Round "4.3"]
[White "Formanek, Edward"]
[Black "Lacroix, Serge"]
[Result "1-0"]
[WhiteElo "2209"]
[BlackElo "1819"]
[PlyCount "61"]
[EventDate "1972.01.29"]
[EventType "swiss"]
[EventRounds "5"]
[EventCountry "CAN"]

1. c4 e5 2. g3 Nf6 3. Bg2 d5 4. cxd5 Nxd5 5. Nc3 Be6 6. Nf3 Nc6 7. O-O Be7 8.
d4 Nxc3 9. bxc3 e4 10. Ne1 f5 11. f3 exf3 12. Bxf3 Qd7 13. Nd3 O-O-O 14. Qa4
Bd5 15. Rb1 Bxf3 16. Rxf3 Qd5 17. Rb5 Qe6 18. Re3 Qd7 19. Rxb7 Kxb7 20. Rxe7
Qxe7 21. Nc5+ Qxc5 22. dxc5 a6 23. Bg5 Rde8 24. Qb3+ Ka7 25. Bf4 Rxe2 26. Bxc7
Nb8 27. c6 Nxc6 28. Qb6+ Ka8 29. Qxc6+ Ka7 30. Qb6+ Ka8 31. Qxa6# 1-0

[Event "Ottawa op"]
[Site "Ottawa CAN"]
[Date "1972.01.30"]
[Round "5.9"]
[White "Lacroix, Serge"]
[Black "Herdocia, Francisco"]
[Result "1/2-1/2"]
[WhiteElo "1819"]
[BlackElo "1524"]
[PlyCount "78"]
[EventDate "1972.01.29"]
[EventType "swiss"]
[EventRounds "5"]
[EventCountry "CAN"]

1. e4 e6 2. d4 d5 3. e5 c5 4. c3 Nc6 5. Nf3 g6 6. Bd3 cxd4 7. cxd4 Bg7 8. O-O
Qb6 9. Na3 a6 10. Nc2 Nge7 11. Ne3 Bd7 12. Bb1 Rc8 13. a3 Na5 14. b4 Nc4 15.
Nxc4 dxc4 16. Ng5 h6 17. Ne4 Nd5 18. Nd6+ Ke7 19. Nxc8+ Rxc8 20. g4 Be8 21. Re1
Qd8 22. h4 b5 23. a4 bxa4 24. Ba3 Bb5 25. Be4 Rc7 26. Rc1 Kf8 27. Qf3 Kg8 28.
h5 gxh5 29. Bxd5 hxg4 30. Qxg4 Qxd5 31. Qe4 Bc6 32. Qxd5 exd5 33. f4 Bd7 34.
Kf2 Kh7 35. Ke3 Bf5 36. Kd2 Bf8 37. Kc3 Rb7 38. Re2 Rb5 39. Rh2 Kg6 1/2-1/2

[Event "Tournois de l'est"]
[Site "Quebec CAN"]
[Date "1972.04.29"]
[Round "2"]
[White "Lacroix, Serge"]
[Black "Williams, Leo"]
[Result "0-1"]
[WhiteElo "1732"]
[BlackElo "2205"]
[PlyCount "64"]
[EventDate "1972.??.??"]
[EventType "swiss"]
[EventRounds "5"]
[EventCountry "CAN"]

1. d4 Nf6 2. c4 g6 3. Nc3 Bg7 4. e4 d6 5. Nf3 O-O 6. Be2 e5 7. O-O Nc6 8. dxe5
dxe5 9. Bg5 Qxd1 10. Rfxd1 Bg4 11. Bxf6 Bxf6 12. Nd5 Bd8 13. h3 Bxf3 14. Bxf3
Nd4 15. Rd3 c6 16. Nc3 a5 17. b3 f5 18. exf5 gxf5 19. Bh5 Bf6 20. Rad1 Ne6 21.
Rg3+ Kh8 22. Rd7 e4 23. Ne2 Rad8 24. Rxd8 Rxd8 25. f4 Ng7 26. Bf7 Rd7 27. Rxg7
Kxg7 28. Be6 Rd2 29. Kf2 Rxa2 30. Bxf5 Bd4+ 31. Ke1 Be3 32. Nc3 Bd2+ 0-1

[Event "Festival gourmands6"]
[Site "Asbestos CAN"]
[Date "1996.08.24"]
[Round "2"]
[White "Teuton, Frank"]
[Black "Lacroix, Serge"]
[Result "0-1"]
[WhiteElo "2200"]
[BlackElo "1884"]
[PlyCount "82"]
[EventDate "1996.08.23"]
[EventType "swiss"]
[EventRounds "5"]
[EventCountry "CAN"]

1. e4 e5 2. Nc3 Nf6 3. g3 Bc5 4. Bg2 O-O 5. Nge2 c6 6. O-O d5 7. exd5 cxd5 8.
d4 exd4 9. Nxd4 Bg4 10. Qd3 Nc6 11. Nxc6 bxc6 12. Na4 Bd6 13. Be3 Nd7 14. f4
Qa5 15. b3 g6 16. Bd2 Bb4 17. c3 Bc5+ 18. Nxc5 Nxc5 19. Qd4 Ne6 20. Qe5 f6 21.
Qe1 Rae8 22. Qf2 Qa6 23. Rfe1 Bf5 24. Be3 Rf7 25. Rac1 Be4 26. Bf1 Bd3 27. Bxd3
Qxd3 28. Bxa7 Rfe7 29. Be3 Ng7 30. Bd4 Re2 31. Qf1 Nf5 32. Rxe2 Rxe2 33. Rd1
Qe4 34. Bf2 Ne3 35. Rd4 Nxf1 36. Rxe4 dxe4 37. Kxf1 Rxa2 38. b4 Kf7 39. h3 Ke6
40. Bd4 f5 41. Ke1 Kd5 0-1

[Event "Quebec-ch semi-rapide"]
[Site "Montreal CAN"]
[Date "1993.08.08"]
[Round "1"]
[White "Teuton, Frank"]
[Black "Lacroix, Serge"]
[Result "1/2-1/2"]
[WhiteElo "2172"]
[BlackElo "1913"]
[PlyCount "43"]
[EventDate "1993.08.08"]
[EventType "swiss (rapid)"]
[EventRounds "6"]
[EventCountry "CAN"]

1. e4 c5 2. Nf3 e6 3. d4 cxd4 4. c3 dxc3 5. Nxc3 Nc6 6. Bc4 d6 7. Qe2 Nf6 8.
O-O Be7 9. Rd1 e5 10. h3 O-O 11. Bg5 Be6 12. Bb5 Rc8 13. Bxc6 bxc6 14. Nxe5
Nxe4 15. Qxe4 Bxg5 16. Nxc6 Qb6 17. Nd4 Qxb2 18. Nxe6 fxe6 19. Qxe6+ Kh8 20.
Ne4 Rce8 21. Qxd6 Bf4 22. Qd4 1/2-1/2

[Event "Quebec-ch qual. 2"]
[Site "Montreal CAN"]
[Date "1990.04.07"]
[Round "2"]
[White "Lacroix, Serge"]
[Black "Teuton, Frank"]
[Result "1-0"]
[WhiteElo "1900"]
[BlackElo "2100"]
[PlyCount "46"]
[EventDate "1990.04.06"]
[EventType "swiss"]
[EventRounds "5"]
[EventCountry "CAN"]

1. d4 Nf6 2. c4 c5 3. d5 b5 4. cxb5 a6 5. bxa6 Bxa6 6. Nc3 g6 7. e4 Bxf1 8.
Kxf1 d6 9. Nf3 Nbd7 10. h3 Bg7 11. g3 O-O 12. Kg2 Qb6 13. Re1 Rfb8 14. e5 Nxe5
15. Nxe5 dxe5 16. Rxe5 Qb7 17. Kg1 Rd8 18. Qe2 Nxd5 19. Rxd5 Rxd5 20. Nxd5 Qxd5
21. a4 Bd4 22. Qxe7 Ra6 23. Bh6 Re6 1-0